000 00675nam a2200229Ia 4500
003 OSt
005 20220925204811.0
006 a|||||r|||| 00| 0
007 ta
008 220923b |||||||| |||| 00| 0 eng d
037 _cGeneral Book
040 _aRTL
_cRTL
_beng
041 _2eng
_aeng
082 _aY:3217.2.N7, L8
100 _aReddy V Narayan Karan
_980316
245 0 _aMarriages in India
_b A psycho-sociological study
260 _aGurgon
_bAcademic Press India
_c1978
300 _axxii,132p
_ccm.
500 _aBibliography P 122-127
942 _hY:3217.2.N7, L8
_cGB
_2CC
999 _c550457
_d550457